000
00284nam a22001337a 4500
020
_a
81-87057-12-2
082
_a
920
_b
BHO/M
100
_a
BHOLA,P.L
245
_a
MIRZA GHALIB
260
_a
GURGAON
_b
PRASHANT PUBLICATION
300
_a
16
650
_a
BIOGRAPHY
_z
GURGAON
942
_c
BK
999
_c
6155
_d
6155